| 000 | 01089cam a22002771 4500 | ||
|---|---|---|---|
| 001 | z 01000165 | ||
| 003 | DLC | ||
| 005 | 20260227112812.0 | ||
| 008 | 770909m18641899au b 001 0 lat | ||
| 010 | _az 01000165 | ||
| 035 | _a(OCoLC)3252414 | ||
| 040 |
_aDLC _cAzTeS _dAzTeS _dDLC |
||
| 042 | _apremarc | ||
| 050 | 0 | 0 |
_aZ6621 _b.V6 |
| 082 | _a016.091 | ||
| 110 | 2 | _aÖsterreichische Nationalbibliothek | |
| 245 | 1 | 0 |
_aTabvlae codicvm manv scriptorvm praeter graecos et orientales in Bibliotheca palatina vindobonensi asservatorvm _cEdidit Academia caesarea vindobonensis. |
| 260 |
_aVindobonae, _bvenvm dat C. Geroldi filivs, _c1864-99. |
||
| 300 |
_a10 v. _c24 cm. |
||
| 500 | _aVol. 8 has imprint: Vindobonae, venvm dat F. Tempsky, 1893. | ||
| 505 | 0 | _av.1-8. Cod. 1-15500. 1864-93.--v.9-10. Cod. 15501-*19500: Codicvm musicorvm pars I-II. [Descripsit J. Mantuani] 1897-99. | |
| 650 | 0 |
_aManuscripts _zAustria _vCatalogs. |
|
| 650 | 0 |
_aMusic _xManuscripts _vCatalogs. |
|
| 710 | 2 | _aÖsterreichische Akademie der Wissenschaften | |
| 700 | 1 |
_aMantuani, Josef, _d1860-1933. |
|
| 999 |
_c92429 _d92429 |
||